| 000 | 00560cam a2200193 a 4500 | ||
|---|---|---|---|
| 020 | _a0127067078 | ||
| 082 |
_a624.171 _bCHA _cD |
||
| 100 |
_aChajes, Alexander. _938432 |
||
| 245 | 0 | 0 |
_aStructural analysis _cChajes, Alexander. |
| 260 |
_aBoston : _bAcademic Press, _c1990. |
||
| 300 |
_axx, 385 p. : _bill. ; _c24 cm. |
||
| 490 | 1 | _aGlass--science and technology ; | |
| 526 |
_a0 _b0 _c0 _d624_171000000000000_CHA |
||
| 650 | 0 |
_aGlass. _942787 |
|
| 650 | 0 |
_aMCE _9379 |
|
| 700 | 1 |
_aKreidl, N. J. _942788 |
|
| 700 | 1 |
_aUhlmann, D. R. _942789 |
|
| 942 |
_2ddc _cBK |
||
| 999 |
_c546624 _d546624 |
||